[Event "DVM U16 2021"]
[Site "Kiel GER"]
[Date "2022.07.24"]
[Round "3"]
[White "Reyes-Mantilla, Andrés Mauricio"]
[Black "Ho, Ngoc Hai-Dang"]
[Result "1-0"]
[Termination "normal"]
[Board "1.3"]
[WhiteElo "1614"]
[BlackElo "1826"]
[WhiteClock "00:27:27"]
[BlackClock "00:32:17"]
[WhiteTeam "Hamburger SK von 1830 eV"]
[BlackTeam "SV Mattnetz Berlin e.V."]
[PlyCount "83"]
[WhiteFideId "4467248"]
[BlackFideId "16206509"]
[EventCountry "GER"]
[EventRounds "7"]
[EventType "team-swiss"]
[EventDate "2022.07.22"]

1. d4 {[%clk 01:30:18]} {[%emt 00:00:41]} Nf6 {[%clk 01:30:54]} {[%emt
00:00:07]} 2. c4 {[%clk 01:30:47]} {[%emt 00:00:01]} e6 {[%clk 01:30:36]}
{[%emt 00:00:47]} 3. g3 {[%clk 01:31:10]} {[%emt 00:00:08]} Be7 {[%clk
01:30:52]} {[%emt 00:00:13]} 4. Bg2 {[%clk 01:31:35]} {[%emt 00:00:05]} d5
{[%clk 01:30:59]} {[%emt 00:00:23]} 5. Nf3 {[%clk 01:32:01]} {[%emt 00:00:05]}
O-O {[%clk 01:29:42]} {[%emt 00:01:47]} 6. O-O {[%clk 01:32:24]} {[%emt
00:00:06]} Nbd7 {[%clk 01:25:49]} {[%emt 00:04:23]} 7. Qc2 {[%clk 01:29:25]}
{[%emt 00:03:30]} c6 {[%clk 01:21:30]} {[%emt 00:04:49]} 8. Nbd2 {[%clk
01:29:03]} {[%emt 00:00:52]} Qc7 {[%clk 01:19:49]} {[%emt 00:02:11]} 9. b3
{[%clk 00:56:39]} {[%emt 00:32:58]} e5 {[%clk 00:58:52]} {[%emt 00:21:23]} 10.
dxe5 {[%clk 00:56:17]} {[%emt 00:00:51]} Nxe5 {[%clk 00:59:12]} {[%emt
00:00:10]} 11. Bb2 {[%clk 00:55:14]} {[%emt 00:01:33]} Nxf3+ {[%clk 00:59:06]}
{[%emt 00:00:37]} 12. Nxf3 {[%clk 00:54:26]} {[%emt 00:01:18]} dxc4 {[%clk
00:59:04]} {[%emt 00:00:32]} 13. bxc4 {[%clk 00:49:50]} {[%emt 00:05:05]} Qa5
{[%clk 00:56:48]} {[%emt 00:02:45]} 14. Nd4 {[%clk 00:41:03]} {[%emt 00:09:17]}
Qh5 {[%clk 00:50:34]} {[%emt 00:06:45]} 15. e4 {[%clk 00:37:04]} {[%emt
00:04:28]} Bc5 {[%clk 00:45:40]} {[%emt 00:05:24]} 16. Ne2 {[%clk 00:35:08]}
{[%emt 00:02:27]} Ng4 {[%clk 00:40:54]} {[%emt 00:05:16]} 17. h3 {[%clk
00:33:36]} {[%emt 00:02:02]} Nxf2 {[%clk 00:37:23]} {[%emt 00:04:01]} 18. Rxf2
{[%clk 00:32:13]} {[%emt 00:01:53]} Bxf2+ {[%emt 00:00:15]} 19. Kxf2 {[%clk
00:32:39]} {[%emt 00:00:01]} f5 {[%clk 00:37:42]} {[%emt 00:00:27]} 20. Kg1
{[%clk 00:25:05]} {[%emt 00:08:04]} fxe4 {[%clk 00:34:32]} {[%emt 00:03:40]}
21. Qxe4 {[%clk 00:16:22]} {[%emt 00:09:14]} Re8 {[%clk 00:32:51]} {[%emt
00:02:11]} 22. Qd4 {[%clk 00:16:47]} {[%emt 00:00:05]} Qg5 {[%clk 00:33:01]}
{[%emt 00:00:20]} 23. h4 {[%clk 00:14:05]} {[%emt 00:03:12]} Qg4 {[%clk
00:30:15]} {[%emt 00:03:16]} 24. Qxg4 {[%clk 00:14:18]} {[%emt 00:00:17]} Bxg4
{[%clk 00:30:39]} {[%emt 00:00:05]} 25. Nf4 {[%clk 00:14:26]} {[%emt 00:00:22]}
Rad8 {[%clk 00:30:54]} {[%emt 00:00:15]} 26. Bc3 {[%clk 00:12:24]} {[%emt
00:02:32]} Bd1 {[%clk 00:28:44]} {[%emt 00:02:40]} 27. Kf2 {[%clk 00:10:10]}
{[%emt 00:02:44]} h6 {[%clk 00:28:49]} {[%emt 00:00:26]} 28. h5 {[%clk
00:06:39]} {[%emt 00:04:01]} Rf8 {[%clk 00:24:47]} {[%emt 00:04:32]} 29. Bb4
{[%clk 00:06:29]} {[%emt 00:00:40]} Rf7 {[%clk 00:24:12]} {[%emt 00:01:04]} 30.
Bh3 {[%clk 00:06:14]} {[%emt 00:00:45]} Kh7 {[%clk 00:16:42]} {[%emt 00:08:00]}
31. Be6 {[%clk 00:05:37]} {[%emt 00:01:07]} Rc7 {[%clk 00:16:21]} {[%emt
00:00:50]} 32. Bf5+ {[%clk 00:04:26]} {[%emt 00:01:42]} Kg8 {[%clk 00:14:27]}
{[%emt 00:02:24]} 33. Be6+ {[%clk 00:02:53]} {[%emt 00:02:04]} Kh8 {[%clk
00:13:27]} {[%emt 00:01:29]} 34. Bc3 {[%clk 00:02:29]} {[%emt 00:00:54]} Bc2
{[%clk 00:12:23]} {[%emt 00:01:35]} 35. Re1 {[%clk 00:01:38]} {[%emt 00:01:20]}
Re7 {[%clk 00:08:06]} {[%emt 00:04:46]} 36. Re2 {[%clk 00:01:48]} {[%emt
00:00:21]} Bh7 {[%clk 00:07:15]} {[%emt 00:01:22]} 37. Be5 {[%clk 00:01:36]}
{[%emt 00:00:41]} Ree8 {[%clk 00:05:52]} {[%emt 00:01:52]} 38. c5 {[%clk
00:01:38]} {[%emt 00:00:29]} Rd1 {[%clk 00:04:00]} {[%emt 00:02:22]} 39. Rb2
{[%clk 00:01:19]} {[%emt 00:00:49]} Rb1 {[%clk 00:04:21]} {[%emt 00:00:09]} 40.
Rd2 {[%clk 00:01:01]} {[%emt 00:00:48]} Bg8 {[%clk 00:01:54]} {[%emt 00:02:57]}
41. Ng6+ {[%clk 00:27:05]} {[%emt 00:04:26]} Kh7 {[%clk 00:32:17]} {[%emt
00:00:07]} 42. Rd7 {[%clk 00:27:27]} {[%emt 00:00:08]} 1-0

[Event "DVM U16 2021"]
[Site "Kiel GER"]
[Date "2022.07.24"]
[Round "3"]
[White "Reichmann, Felix"]
[Black "Weidemann, Jakob"]
[Result "0-1"]
[Termination "normal"]
[Board "2.1"]
[WhiteElo "1827"]
[BlackElo "2092"]
[WhiteClock "00:29:10"]
[BlackClock "00:03:40"]
[WhiteTeam "Schachfreunde Nordost Berlin"]
[BlackTeam "Schachklub Münster 32 e. V."]
[PlyCount "120"]
[WhiteFideId "16238290"]
[BlackFideId "16255470"]
[EventCountry "GER"]
[EventRounds "7"]
[EventType "team-swiss"]
[EventDate "2022.07.22"]

1. c4 {[%clk 01:30:58]} {[%emt 00:00:02]} e5 {[%clk 01:30:52]} {[%emt
00:00:07]} 2. Nc3 {[%clk 01:31:22]} {[%emt 00:00:06]} Bb4 {[%clk 01:31:14]}
{[%emt 00:00:08]} 3. Nf3 {[%clk 01:31:36]} {[%emt 00:00:16]} Bxc3 {[%clk
01:31:32]} {[%emt 00:00:13]} 4. bxc3 {[%clk 01:32:01]} {[%emt 00:00:05]} e4
{[%clk 01:22:39]} {[%emt 00:09:23]} 5. Nd4 {[%clk 01:32:14]} {[%emt 00:00:17]}
Nc6 {[%clk 01:22:34]} {[%emt 00:00:34]} 6. d3 {[%emt 00:09:57]} exd3 {[%clk
01:16:05]} {[%emt 00:02:58]} 7. Nxc6 {[%clk 01:17:51]} {[%emt 00:09:28]} d2+
{[%clk 01:14:20]} {[%emt 00:02:14]} 8. Qxd2 {[%clk 01:17:44]} {[%emt 00:00:38]}
dxc6 {[%clk 01:14:37]} {[%emt 00:00:12]} 9. Qxd8+ {[%clk 01:17:46]} {[%emt
00:00:29]} Kxd8 {[%clk 01:14:57]} {[%emt 00:00:09]} 10. Bf4 {[%clk 01:16:52]}
{[%emt 00:01:24]} Be6 {[%clk 01:10:29]} {[%emt 00:04:58]} 11. e3 {[%clk
01:14:08]} {[%emt 00:03:15]} c5 {[%clk 01:06:58]} {[%emt 00:04:02]} 12. Be2
{[%clk 01:07:04]} {[%emt 00:07:32]} Ne7 {[%clk 01:06:07]} {[%emt 00:01:21]} 13.
Bf3 {[%clk 01:04:21]} {[%emt 00:03:14]} Kc8 {[%clk 01:06:04]} {[%emt 00:00:32]}
14. Rb1 {[%clk 00:59:58]} {[%emt 00:04:54]} Rb8 {[%clk 01:05:25]} {[%emt
00:01:09]} 15. Be2 {[%clk 01:00:12]} {[%emt 00:00:15]} Rd8 {[%clk 00:54:24]}
{[%emt 00:11:30]} 16. Rb3 {[%clk 00:57:05]} {[%emt 00:03:38]} b6 {[%clk
00:45:37]} {[%emt 00:09:17]} 17. h4 {[%clk 00:55:39]} {[%emt 00:01:56]} Nc6
{[%clk 00:41:23]} {[%emt 00:04:44]} 18. e4 {[%clk 00:49:15]} {[%emt 00:06:54]}
Na5 {[%clk 00:35:48]} {[%emt 00:06:05]} 19. Ra3 {[%clk 00:49:35]} {[%emt
00:00:11]} Kb7 {[%clk 00:34:06]} {[%emt 00:02:11]} 20. Ra4 {[%clk 00:49:19]}
{[%emt 00:00:47]} Bd7 {[%clk 00:34:19]} {[%emt 00:00:16]} 21. Ra3 {[%clk
00:49:45]} {[%emt 00:00:05]} Be6 {[%clk 00:34:42]} {[%emt 00:00:07]} 22. Ra4
{[%clk 00:50:11]} {[%emt 00:00:04]} Rd7 {[%clk 00:32:18]} {[%emt 00:02:54]} 23.
h5 {[%clk 00:43:34]} {[%emt 00:07:07]} h6 {[%clk 00:29:14]} {[%emt 00:03:34]}
24. Rh4 {[%clk 00:41:26]} {[%emt 00:02:37]} Rbd8 {[%clk 00:27:28]} {[%emt
00:02:16]} 25. Be3 {[%clk 00:39:35]} {[%emt 00:02:21]} Ka6 {[%clk 00:25:27]}
{[%emt 00:02:32]} 26. f4 {[%clk 00:24:21]} {[%emt 00:15:43]} f6 {[%clk
00:22:42]} {[%emt 00:03:14]} 27. Kf2 {[%clk 00:18:21]} {[%emt 00:06:31]} Re7
{[%clk 00:22:23]} {[%emt 00:00:49]} 28. Kf3 {[%clk 00:18:14]} {[%emt 00:00:37]}
Bd7 {[%clk 00:17:25]} {[%emt 00:05:28]} 29. Ra3 {[%clk 00:18:39]} {[%emt
00:00:05]} Bc6 {[%clk 00:17:48]} {[%emt 00:00:06]} 30. f5 {[%clk 00:18:48]}
{[%emt 00:00:22]} Rde8 {[%clk 00:14:19]} {[%emt 00:03:58]} 31. Bd3 {[%clk
00:19:12]} {[%emt 00:00:07]} Rd7 {[%clk 00:14:20]} {[%emt 00:00:29]} 32. Ke2
{[%clk 00:18:41]} {[%emt 00:01:01]} Red8 {[%clk 00:12:44]} {[%emt 00:02:06]}
33. Bc2 {[%clk 00:19:02]} {[%emt 00:00:09]} Kb7 {[%clk 00:12:37]} {[%emt
00:00:37]} 34. Bb3 {[%clk 00:18:49]} {[%emt 00:00:43]} Rd3 {[%clk 00:11:11]}
{[%emt 00:01:55]} 35. Bxc5 {[%clk 00:19:03]} {[%emt 00:00:17]} Rd2+ {[%clk
00:08:16]} {[%emt 00:03:25]} 36. Kf1 {[%clk 00:18:18]} {[%emt 00:01:14]} Nxb3
{[%clk 00:08:31]} {[%emt 00:00:15]} 37. Rxb3 {[%clk 00:18:41]} {[%emt
00:00:08]} Rxa2 {[%clk 00:08:41]} {[%emt 00:00:20]} 38. Bd4 {[%clk 00:18:37]}
{[%emt 00:00:35]} Ba4 {[%clk 00:07:57]} {[%emt 00:01:13]} 39. Rb1 {[%clk
00:18:16]} {[%emt 00:00:52]} c5 {[%clk 00:07:51]} {[%emt 00:00:35]} 40. Bxc5
{[%clk 00:13:11]} {[%emt 00:05:35]} Bc2 {[%clk 00:03:27]} {[%emt 00:04:53]} 41.
Rb4 {[%clk 00:13:24]} {[%emt 00:00:17]} Rd2 {[%clk 00:02:41]} {[%emt 00:01:16]}
42. Kg1 {[%clk 00:11:38]} {[%emt 00:02:17]} Bd1 {[%clk 00:01:46]} {[%emt
00:01:24]} 43. Bd4 {[%clk 00:05:45]} {[%emt 00:06:23]} Rxg2+ {[%clk 00:21:07]}
{[%emt 00:11:09]} 44. Kf1 {[%clk 00:36:05]} {[%emt 00:00:11]} Bf3 {[%clk
00:19:43]} {[%emt 00:01:54]} 45. Rb1 {[%clk 00:35:57]} {[%emt 00:00:38]} Rge2
{[%clk 00:17:58]} {[%emt 00:02:14]} 46. Rf4 {[%clk 00:27:15]} {[%emt 00:09:12]}
Bg2+ {[%clk 00:10:02]} {[%emt 00:08:27]} 47. Kg1 {[%clk 00:27:40]} {[%emt
00:00:04]} Bxe4 {[%clk 00:10:23]} {[%emt 00:00:09]} 48. Rd1 {[%clk 00:27:58]}
{[%emt 00:00:12]} Rg2+ {[%clk 00:06:16]} {[%emt 00:04:37]} 49. Kf1 {[%clk
00:28:23]} {[%emt 00:00:05]} Bc6 {[%clk 00:05:11]} {[%emt 00:01:36]} 50. Re1
{[%clk 00:26:12]} {[%emt 00:02:41]} Rh2 {[%clk 00:04:02]} {[%emt 00:01:39]} 51.
Rg4 {[%clk 00:26:17]} {[%emt 00:00:25]} Bg2+ {[%clk 00:04:03]} {[%emt
00:00:28]} 52. Rxg2 {[%clk 00:26:41]} {[%emt 00:00:07]} Rhxg2 {[%clk 00:04:17]}
{[%emt 00:00:15]} 53. Re7+ {[%clk 00:27:05]} {[%emt 00:00:06]} Ka6 {[%clk
00:04:04]} {[%emt 00:00:43]} 54. c5 {[%clk 00:27:27]} {[%emt 00:00:08]} Rgb2
{[%clk 00:03:45]} {[%emt 00:00:48]} 55. Re1 {[%clk 00:27:34]} {[%emt 00:00:25]}
bxc5 {[%clk 00:03:42]} {[%emt 00:00:32]} 56. Bxc5 {[%clk 00:27:57]} {[%emt
00:00:08]} Kb5 {[%clk 00:03:49]} {[%emt 00:00:22]} 57. Bd4 {[%clk 00:28:15]}
{[%emt 00:00:12]} Kc4 {[%clk 00:04:06]} {[%emt 00:00:14]} 58. Kg1 {[%clk
00:28:30]} {[%emt 00:00:15]} a5 {[%clk 00:04:03]} {[%emt 00:00:33]} 59. Kh1
{[%clk 00:28:50]} {[%emt 00:00:09]} a4 {[%clk 00:03:23]} {[%emt 00:01:10]} 60.
Re7 {[%clk 00:29:10]} {[%emt 00:00:10]} Rb1+ {[%clk 00:03:40]} {[%emt
00:00:14]} 0-1

[Event "DVM U16 2021"]
[Site "Kiel GER"]
[Date "2022.07.24"]
[Round "3"]
[White "Schröder, Lennart"]
[Black "Gutewort, Paul Emil"]
[Result "1-0"]
[Termination "normal"]
[Board "2.2"]
[WhiteElo "2023"]
[BlackElo "1702"]
[WhiteClock "00:24:56"]
[BlackClock "00:26:32"]
[WhiteTeam "Schachklub Münster 32 e. V."]
[BlackTeam "Schachfreunde Nordost Berlin"]
[PlyCount "126"]
[WhiteFideId "16222490"]
[BlackFideId "16204182"]
[EventCountry "GER"]
[EventRounds "7"]
[EventType "team-swiss"]
[EventDate "2022.07.22"]

1. Nf3 {[%clk 01:30:53]} {[%emt 00:00:06]} g6 {[%clk 01:30:52]} {[%emt
00:00:08]} 2. d4 {[%clk 01:31:09]} {[%emt 00:00:14]} Bg7 {[%clk 01:31:13]}
{[%emt 00:00:08]} 3. g3 {[%clk 01:31:33]} {[%emt 00:00:08]} d6 {[%clk
01:30:41]} {[%emt 00:01:02]} 4. Bg2 {[%clk 01:31:43]} {[%emt 00:00:19]} Nf6
{[%clk 01:29:54]} {[%emt 00:01:17]} 5. O-O {[%clk 01:31:59]} {[%emt 00:00:15]}
O-O {[%clk 01:30:11]} {[%emt 00:00:11]} 6. c4 {[%clk 01:31:58]} {[%emt
00:00:33]} c6 {[%clk 01:22:20]} {[%emt 00:08:20]} 7. Nc3 {[%clk 01:31:19]}
{[%emt 00:01:09]} Bf5 {[%clk 01:20:01]} {[%emt 00:02:50]} 8. Nh4 {[%clk
01:24:46]} {[%emt 00:07:02]} Bc8 {[%clk 01:15:06]} {[%emt 00:05:24]} 9. b3
{[%clk 01:19:06]} {[%emt 00:06:11]} d5 {[%clk 01:10:38]} {[%emt 00:04:58]} 10.
Nf3 {[%clk 01:17:27]} {[%emt 00:02:10]} Na6 {[%clk 01:05:39]} {[%emt 00:05:28]}
11. Bb2 {[%clk 01:13:39]} {[%emt 00:04:18]} Nc7 {[%clk 01:04:47]} {[%emt
00:01:27]} 12. Ne5 {[%clk 01:08:03]} {[%emt 00:06:00]} Be6 {[%clk 01:01:43]}
{[%emt 00:03:34]} 13. e3 {[%clk 01:02:57]} {[%emt 00:05:35]} Nd7 {[%clk
00:59:03]} {[%emt 00:03:10]} 14. cxd5 {[%clk 01:00:40]} {[%emt 00:02:48]} cxd5
{[%clk 00:57:24]} {[%emt 00:02:09]} 15. Nd3 {[%clk 01:00:49]} {[%emt 00:00:21]}
Nf6 {[%clk 00:52:42]} {[%emt 00:05:12]} 16. Rc1 {[%clk 00:58:18]} {[%emt
00:03:01]} Qd6 {[%clk 00:47:07]} {[%emt 00:06:04]} 17. Nb1 {[%clk 00:55:24]}
{[%emt 00:03:25]} Bf5 {[%clk 00:41:17]} {[%emt 00:06:21]} 18. Ba3 {[%clk
00:53:57]} {[%emt 00:01:56]} Qd8 {[%clk 00:41:40]} {[%emt 00:00:07]} 19. Nc3
{[%clk 00:52:52]} {[%emt 00:01:35]} Bxd3 {[%clk 00:40:56]} {[%emt 00:01:15]}
20. Qxd3 {[%clk 00:53:12]} {[%emt 00:00:09]} Qd7 {[%clk 00:35:48]} {[%emt
00:05:37]} 21. Rc2 {[%clk 00:47:19]} {[%emt 00:06:24]} Rfc8 {[%clk 00:34:47]}
{[%emt 00:01:30]} 22. Rfc1 {[%clk 00:44:53]} {[%emt 00:02:57]} e6 {[%clk
00:32:22]} {[%emt 00:02:55]} 23. Na4 {[%clk 00:38:39]} {[%emt 00:06:44]} Na6
{[%clk 00:26:53]} {[%emt 00:05:59]} 24. Rc3 {[%clk 00:33:40]} {[%emt 00:05:29]}
Bf8 {[%clk 00:26:06]} {[%emt 00:01:16]} 25. Bxf8 {[%emt 00:00:54]} Kxf8 {[%emt
00:00:13]} 26. Qc2 {[%clk 00:32:06]} {[%emt 00:01:39]} Rxc3 {[%clk 00:26:49]}
{[%emt 00:00:07]} 27. Qxc3 {[%emt 00:02:08]} Rd8 {[%emt 00:05:43]} 28. Nc5
{[%clk 00:28:38]} {[%emt 00:00:18]} Qc6 {[%emt 00:03:59]} 29. Nxa6 {[%clk
00:25:50]} {[%emt 00:03:13]} Qxa6 {[%clk 00:18:06]} {[%emt 00:02:37]} 30. Qb4+
{[%clk 00:24:37]} {[%emt 00:01:43]} Kg7 {[%emt 00:03:18]} 31. a4 {[%clk
00:24:04]} {[%emt 00:00:58]} Qb6 {[%clk 00:13:42]} {[%emt 00:02:10]} 32. Qxb6
{[%clk 00:22:31]} {[%emt 00:02:04]} axb6 {[%clk 00:14:07]} {[%emt 00:00:06]}
33. f3 {[%clk 00:21:59]} {[%emt 00:01:02]} g5 {[%clk 00:11:08]} {[%emt
00:03:28]} 34. Rc7 {[%clk 00:20:47]} {[%emt 00:01:41]} Rd7 {[%clk 00:11:03]}
{[%emt 00:00:35]} 35. Rxd7 {[%clk 00:20:49]} {[%emt 00:00:29]} Nxd7 {[%clk
00:11:25]} {[%emt 00:00:07]} 36. e4 {[%clk 00:21:00]} {[%emt 00:00:19]} h6
{[%clk 00:08:46]} {[%emt 00:03:10]} 37. exd5 {[%clk 00:18:42]} {[%emt
00:02:47]} exd5 {[%clk 00:09:05]} {[%emt 00:00:12]} 38. Bh3 {[%clk 00:19:09]}
{[%emt 00:00:03]} Nb8 {[%clk 00:06:38]} {[%emt 00:02:57]} 39. Bc8 {[%clk
00:18:04]} {[%emt 00:01:35]} Nc6 {[%clk 00:06:55]} {[%emt 00:00:13]} 40. Bxb7
{[%clk 00:18:28]} {[%emt 00:00:06]} Nb4 {[%clk 00:04:18]} {[%emt 00:03:06]} 41.
Kf2 {[%clk 00:16:39]} {[%emt 00:02:20]} Kf6 {[%emt 00:01:07]} 42. Ke2 {[%clk
00:16:39]} Ke6 {[%clk 00:04:27]} 43. Bc8+ {[%clk 00:16:56]} {[%emt 00:00:26]}
Kd6 {[%clk 00:04:54]} {[%emt 00:01:24]} 44. Kd2 {[%clk 00:15:01]} f6 {[%emt
00:02:49]} 45. Bf5 Ke7 {[%clk 00:04:04]} {[%emt 00:00:34]} 46. Kc3 {[%clk
00:12:57]} {[%emt 00:02:35]} Na2+ {[%clk 00:03:23]} {[%emt 00:01:10]} 47. Kb2
{[%clk 00:13:16]} {[%emt 00:00:11]} Nb4 {[%clk 00:03:48]} {[%emt 00:00:05]} 48.
Bb1 {[%clk 00:13:34]} {[%emt 00:00:13]} Kd6 {[%emt 00:01:02]} 49. Kc3 {[%clk
00:13:45]} {[%emt 00:00:05]} Nc6 {[%emt 00:00:48]} 50. b4 {[%emt 00:01:41]} Kc7
{[%clk 00:02:36]} {[%emt 00:00:17]} 51. Bg6 {[%clk 00:07:06]} {[%emt 00:06:47]}
Na7 {[%clk 00:29:30]} {[%emt 00:03:35]} 52. b5 {[%clk 00:32:01]} {[%emt
00:05:35]} Nc8 {[%clk 00:28:24]} {[%emt 00:01:36]} 53. Kb4 {[%clk 00:32:00]}
{[%emt 00:00:31]} Nd6 {[%clk 00:27:31]} {[%emt 00:01:24]} 54. a5 {[%clk
00:31:36]} {[%emt 00:00:54]} bxa5+ {[%clk 00:26:45]} {[%emt 00:01:16]} 55. Kxa5
{[%clk 00:27:38]} {[%emt 00:04:29]} Nc4+ {[%clk 00:26:51]} {[%emt 00:00:22]}
56. Ka6 {[%clk 00:27:55]} {[%emt 00:00:13]} Kb8 {[%clk 00:27:14]} 57. Bf7
{[%clk 00:27:47]} {[%emt 00:00:46]} Ne3 {[%clk 00:27:04]} 58. Kb6 {[%clk
00:27:48]} {[%emt 00:01:09]} Nf1 {[%clk 00:27:08]} 59. Bxd5 {[%clk 00:28:07]}
{[%emt 00:00:37]} Nxh2 {[%clk 00:26:33]} 60. g4 {[%clk 00:27:37]} {[%emt
00:02:05]} Nf1 {[%emt 00:02:41]} 61. Be6 {[%clk 00:25:44]} {[%emt 00:00:17]}
Nd2 {[%emt 00:01:16]} 62. Bd5 {[%clk 00:25:24]} {[%emt 00:00:01]} Nf1 {[%clk
00:26:19]} 63. Kc6 {[%clk 00:24:56]} {[%emt 00:01:40]} Ne3 {[%clk 00:26:32]}
1-0

[Event "DVM U16 2021"]
[Site "Kiel GER"]
[Date "2022.07.24"]
[Round "3"]
[White "Duduka, Artem"]
[Black "Toval, David"]
[Result "1/2-1/2"]
[Termination "normal"]
[Board "2.3"]
[WhiteElo "1566"]
[BlackElo "1830"]
[WhiteClock "01:16:04"]
[BlackClock "00:25:37"]
[WhiteTeam "Schachfreunde Nordost Berlin"]
[BlackTeam "Schachklub Münster 32 e. V."]
[PlyCount "93"]
[WhiteFideId "14194805"]
[BlackFideId "12992755"]
[EventCountry "GER"]
[EventRounds "7"]
[EventType "team-swiss"]
[EventDate "2022.07.22"]

1. e4 {[%clk 01:30:50]} {[%emt 00:00:08]} c5 {[%clk 01:30:54]} {[%emt
00:00:07]} 2. Nf3 {[%clk 01:31:09]} {[%emt 00:00:11]} d6 {[%clk 01:31:18]}
{[%emt 00:00:06]} 3. c3 {[%clk 01:31:31]} {[%emt 00:00:08]} Nf6 {[%clk
01:31:43]} {[%emt 00:00:05]} 4. h3 {[%clk 01:31:54]} {[%emt 00:00:06]} Nc6
{[%clk 01:30:21]} {[%emt 00:01:53]} 5. Bd3 {[%clk 01:32:18]} {[%emt 00:00:06]}
d5 {[%clk 01:30:15]} {[%emt 00:00:35]} 6. exd5 {[%clk 01:32:02]} {[%emt
00:00:46]} Qxd5 {[%clk 01:30:23]} {[%emt 00:00:23]} 7. Bc2 {[%clk 01:32:19]}
{[%emt 00:00:13]} Bf5 {[%clk 01:29:54]} {[%emt 00:00:59]} 8. O-O {[%clk
01:31:49]} {[%emt 00:00:59]} e6 {[%clk 01:27:00]} {[%emt 00:03:24]} 9. Na3
{[%clk 01:25:37]} {[%emt 00:06:42]} Be7 {[%clk 01:07:21]} {[%emt 00:20:09]} 10.
Bb3 {[%clk 01:22:44]} {[%emt 00:03:24]} Qd6 {[%clk 00:53:41]} {[%emt 00:14:10]}
11. d4 {[%clk 01:16:58]} {[%emt 00:06:16]} Rd8 {[%clk 00:47:45]} {[%emt
00:06:26]} 12. Be3 {[%clk 01:11:25]} {[%emt 00:06:02]} Qc7 {[%clk 00:36:55]}
{[%emt 00:11:20]} 13. Qc1 {[%clk 01:06:45]} {[%emt 00:05:11]} Bd3 {[%clk
00:34:40]} {[%emt 00:02:44]} 14. Re1 {[%clk 01:05:58]} {[%emt 00:01:17]} cxd4
{[%clk 00:34:41]} {[%emt 00:00:29]} 15. Nxd4 {[%clk 01:05:02]} {[%emt
00:01:26]} Bxa3 {[%clk 00:30:58]} {[%emt 00:04:14]} 16. bxa3 {[%clk 01:04:47]}
{[%emt 00:00:44]} Nxd4 {[%clk 00:26:15]} {[%emt 00:05:13]} 17. Bxd4 {[%clk
01:04:32]} {[%emt 00:00:45]} O-O {[%clk 00:25:33]} {[%emt 00:01:12]} 18. Qe3
{[%clk 01:02:27]} {[%emt 00:02:35]} Bg6 {[%clk 00:24:51]} {[%emt 00:01:12]} 19.
Bxf6 {[%clk 00:56:05]} {[%emt 00:06:53]} gxf6 {[%clk 00:25:13]} {[%emt
00:00:08]} 20. Qxa7 {[%clk 00:54:57]} {[%emt 00:01:38]} Ra8 {[%clk 00:21:13]}
{[%emt 00:04:30]} 21. Qd4 {[%clk 00:55:04]} {[%emt 00:00:22]} e5 {[%clk
00:21:07]} {[%emt 00:00:37]} 22. Qh4 {[%clk 00:55:07]} {[%emt 00:00:24]} Rxa3
{[%clk 00:15:02]} {[%emt 00:06:38]} 23. Qxf6 {[%clk 00:54:26]} {[%emt
00:01:11]} Qxc3 {[%clk 00:15:24]} {[%emt 00:00:08]} 24. Qxe5 {[%clk 00:54:12]}
{[%emt 00:00:44]} Qxe5 {[%clk 00:14:42]} {[%emt 00:01:12]} 25. Rxe5 {[%clk
00:54:27]} {[%emt 00:00:14]} Rb8 {[%clk 00:13:42]} {[%emt 00:01:30]} 26. f4
{[%clk 00:52:54]} {[%emt 00:02:02]} h5 {[%clk 00:05:55]} {[%emt 00:08:19]} 27.
f5 {[%clk 00:53:11]} {[%emt 00:00:13]} Bh7 {[%clk 00:06:17]} {[%emt 00:00:08]}
28. g4 {[%clk 00:53:13]} {[%emt 00:00:27]} hxg4 {[%clk 00:05:12]} {[%emt
00:01:36]} 29. hxg4 {[%clk 00:53:39]} {[%emt 00:00:05]} Kg7 {[%clk 00:05:05]}
{[%emt 00:00:36]} 30. Re7 {[%clk 00:51:36]} {[%emt 00:02:32]} Bg8 {[%clk
00:05:12]} {[%emt 00:00:22]} 31. g5 {[%clk 00:50:51]} {[%emt 00:01:16]} Kf8
{[%clk 00:02:53]} {[%emt 00:02:50]} 32. Rae1 {[%clk 00:50:57]} {[%emt
00:00:22]} Ra5 {[%clk 00:03:13]} {[%emt 00:00:11]} 33. R1e5 {[%clk 00:48:05]}
{[%emt 00:03:22]} Rxe5 {[%clk 00:03:35]} {[%emt 00:00:09]} 34. Rxe5 {[%clk
00:48:31]} {[%emt 00:00:03]} f6 {[%clk 00:03:57]} {[%emt 00:00:08]} 35. gxf6
{[%clk 00:47:24]} {[%emt 00:01:37]} Bxb3 {[%clk 00:04:20]} {[%emt 00:00:09]}
36. axb3 {[%clk 00:47:52]} {[%emt 00:00:02]} Kf7 {[%clk 00:04:41]} {[%emt
00:00:08]} 37. Re6 {[%clk 00:48:17]} {[%emt 00:00:04]} Rg8+ {[%clk 00:04:42]}
{[%emt 00:00:29]} 38. Kf2 {[%clk 00:48:42]} {[%emt 00:00:05]} Rg5 {[%clk
00:05:05]} {[%emt 00:00:07]} 39. Re7+ {[%clk 00:49:00]} {[%emt 00:00:09]} Kxf6
{[%clk 00:05:19]} {[%emt 00:00:20]} 40. Rxb7 {[%clk 00:49:25]} {[%emt
00:00:04]} Rxf5+ {[%clk 00:05:34]} {[%emt 00:00:15]} 41. Ke3 {[%clk 00:49:45]}
{[%emt 00:00:10]} Rd5 {[%clk 00:29:28]} {[%emt 00:06:37]} 42. Rb4 {[%clk
01:16:55]} {[%emt 00:03:17]} Ke6 {[%clk 00:27:59]} {[%emt 00:02:01]} 43. Rc4
{[%clk 01:17:11]} {[%emt 00:00:14]} Rd1 {[%clk 00:25:44]} {[%emt 00:02:46]} 44.
b4 {[%clk 01:16:45]} {[%emt 00:00:55]} Kd5 {[%clk 00:25:30]} {[%emt 00:00:45]}
45. Rc8 {[%clk 01:16:37]} {[%emt 00:00:34]} Rb1 {[%clk 00:25:36]} {[%emt
00:00:27]} 46. Rc5+ {[%clk 01:16:09]} {[%emt 00:00:56]} Kd6 {[%clk 00:25:37]}
{[%emt 00:00:31]} 47. Rc4 {[%clk 01:16:04]} {[%emt 00:00:36]} 1/2-1/2